| 000 | 00673nam a2200205Ia 4500 | ||
|---|---|---|---|
| 003 | GCL | ||
| 008 | 140319s9999 xx 000 0 ara d | ||
| 040 |
_aGCL / _cGCL |
||
| 082 | 0 | 4 |
_a810.9 _bش ف |
| 100 | 1 | _aشوقى ضيف | |
| 245 | 1 | 0 |
_aالفن ومذاهبه فى النثر العربى / _cشوقى ضيف |
| 250 | _aالحادية عشرة | ||
| 260 |
_aالقاهرة : _bدار المعارف ، _c1990 |
||
| 300 |
_a399 ص ؛ _c24 سم |
||
| 490 |
_aمكتبة الدراسات الادبية _v0 |
||
| 650 | 0 | 4 | _aالادب العربى |
| 650 | 0 | 4 | _aالنثر العربى |
| 650 | 0 | 4 | _aالنثر العربى - تاريخ ونقد |
| 942 |
_2ddc _cBK |
||
| 999 |
_c28777 _d28777 |
||